000 00429nam a2200169Ia 4500
001 22731
003 IN-NITTTR
005 20251114233256.0
008 251113s9999||||xx |||||||||||||| ||eng||
040 _beng
040 _cIN-NITTTR
041 _aeng
082 _a658.562 C87Q
100 _aCrosby, Philip B.
245 0 _aQuality without tears :
_b the art of hassle- free management /
_cCrosby, Philip B.
942 _2ddc
_cBK
999 _c25360
_d25360